| 000 | 00507cam a2200169 a 4500 | ||
|---|---|---|---|
| 001 | 000001512 | ||
| 005 | 20260414130834.0 | ||
| 008 | 810403s1965 sp 001 0 spa | ||
| 040 |
_aDO-SdBNP _bspa _cBNPHU |
||
| 082 |
_a920 _bB467a |
||
| 100 | 1 |
_aBenito, José de _94996 |
|
| 245 | 1 | 3 |
_aLa aventura del pensamiento : _bvidas y símbolos / _cJosé de Benito. |
| 260 |
_aBarcelona : _bDestino, _c1965. |
||
| 300 |
_a258 p. ; _c20 cm. |
||
| 440 | 0 |
_aÁncora y delfín ; _vno. 260 _94704 |
|
| 650 | 0 |
_aBiografía _94997 |
|
| 999 |
_c1416 _d1416 |
||